Tina Turner's UK Singles Chart - Statistics

General Stats
  • This quiz has been taken 7 times
  • The average score is 29 of 46
Answer Stats
Peak Position Song Weeks On Chart Debut Date % Correct
#71 Addicted To Love (Live) 2 Mar 19th 1988
100%
#4 Nutbush City Limits 13 Sep 8th 1973
100%
#23 Nutbush City Limits (90's Version) 5 Sep 21st 1991
100%
#26 Private Dancer 9 Nov 17th 1984
100%
#44 Proud Mary 2 Oct 2nd 2010
100%
#13 Steamy Windows 6 Feb 17th 1990
100%
#5 The Best 14 Sep 2nd 1989
100%
#25 The Best 4 Jun 8th 2023
100%
#3 We Don't Need Another Hero (Thunderdome) 13 Jul 20th 1985
100%
#3 What's Love Got To Do With It 18 Jun 16th 1984
100%
#31 What's Love Got To Do With It (with Kygo) 12 Jul 30th 2020
100%
#43 Break Every Rule 4 Jun 6th 1987
75%
#40 Help 6 Feb 25th 1984
75%
#7 I Don't Wanna Fight 9 May 22nd 1993
75%
#8 I Don't Wanna Lose You 11 Nov 18th 1989
75%
#6 Let's Stay Together 13 Nov 19th 1983
75%
#78 Paradise Is Here 3 Sep 12th 1987
75%
#3 River Deep, Mountain High 13 Jun 15th 1966
75%
#33 River Deep, Mountain High {1969} 7 Feb 18th 1969
75%
#43 Two People 4 Nov 8th 1986
75%
#33 Typical Male 6 Aug 23rd 1986
75%
#30 What You Get Is What You See 7 Mar 14th 1987
75%
#10 When The Heartache Is Over 7 Oct 30th 1999
75%
#28 Be Tender With Me Baby 4 Oct 13th 1990
50%
#12 Disco Inferno 6 Aug 28th 1993
50%
#10 Goldeneye 9 Nov 18th 1995
50%
#32 In Your Wildest Dreams 3 Dec 21st 1996
50%
#29 It's Only Love 8 Nov 2nd 1985
50%
#22 I Want You Near Me 4 Jun 6th 1992
50%
#31 Look Me In The Heart 6 Aug 11th 1990
50%
#29 Love Thing 4 Feb 15th 1992
50%
#12 Missing You 7 Jul 27th 1996
50%
#55 One Of The Living 3 Oct 12th 1985
50%
#13 On Silent Wings 7 Jun 8th 1996
50%
#25 Open Arms 5 Nov 6th 2004
50%
#27 Something Beautiful Remains 3 Oct 19th 1996
50%
#13 Way Of The World 7 Nov 23rd 1991
50%
#27 Whatever You Need 5 Feb 12th 2000
50%
#23 Whatever You Want 8 Mar 23rd 1996
50%
#16 Why Must We Wait Until Tonight 4 Oct 30th 1993
50%
#5 It Takes Two 8 Nov 24th 1990
25%
#16 A Love Like Yours 10 Nov 2nd 1966
0%
#45 Better Good To Me 5 Sep 15th 1984
0%
#57 I Can't Stand With The Rain 3 Mar 2nd 1985
0%
#56 Tearing Us Apart 3 Jun 20th 1987
0%
#48 Tell Her I'm Not Home 1 Aug 3rd 1966
0%
No matching quizzes found
Score Distribution
Percent of People with Each Score
Percentile by Number Answered
Your Score History
You have not taken this quiz